| 000 | 00520nam a2200181Ia 4500 | ||
|---|---|---|---|
| 003 | GCL | ||
| 008 | 140319s9999 xx 000 0 ara d | ||
| 040 |
_aGCL / _cGCL |
||
| 082 | 0 | 4 |
_a822.008 _bش د |
| 100 | 1 | _aنظير عبود | |
| 245 | 1 | 0 |
_aتاجر البندقية / _cنظير عبود |
| 700 | 1 | _aج. يونس (تعريب) | |
| 260 |
_a[S.N] : _bدار نظير عبود ، _c1989 |
||
| 300 | _a156 ص | ||
| 490 |
_aوليم شكسبير _v0 |
||
| 650 | 0 | 4 | _aالمسرح الانجليزى |
| 942 |
_2ddc _cBK |
||
| 999 |
_c57320 _d57320 |
||